Statistics for Countries Closest to Australia by first two letters

Click here to take the quiz!

General Stats

  • This quiz has been taken 320 times
  • The average score is 16 of 20

Answer Stats

kmcountrymiles% Correct
1303New Zealand810
98%
2250Malaysia1398
96%
3266Marshall Islands2029
96%
1995Palau1240
96%
4Papua New Guinea2
96%
123Indonesia76
93%
1391Solomon Islands864
85%
2591Fiji1610
84%
3199Tuvalu1988
80%
2863Nauru1779
79%
1744Vanuatu1084
77%
1778Micronesia1105
76%
461Timor-Leste286
76%
3228Tonga2006
76%
2798Singapore1738
74%
3086Kiribati1918
71%
1920Philippines1193
68%
2402Brunei1493
62%
3391Thailand2107
59%
3413Vietnam2121
51%

Score Distribution

Percentile by Number Answered

Percent of People with Each Score

Your Score History

You have not taken this quiz